• 首页
  • 本馆介绍
  • 公告通知
  • 最新文献
  • 馆藏检索
  • 电子资源
  • 读者导购
  • 参考咨询
  • 我的图书馆
  • 登录
  • 详细信息显示
  • 放入我的书架
  • 预约/预借图书
  • 作者相关作品
  • 分类相关作品
  • 丛书相关作品
  • 出版社相关作品

书目信息

  • 表格格式
  • 工作单格式
  • 卡片格式
题名:
新兴的光电子学
    
 
作者: 米姆斯第三 著 ;柯学 译
分册:  
出版信息: 北京   科学普及出版社  1982
页数: 182页
开本: 19cm
丛书名:
单 册:
中图分类: TN201
科图分类:
主题词: 光电子学--普及读物
电子资源:
ISBN:
000 00780nam0 2200265 45
001 0182006562
005 20060814094547.12
010    @dCNY0.58
091    @a12051.1288
100    @a19950225d1982 em y0chiy0121 ea
101 1  @achi@ceng
102    @aCN@b110000
105    @ay z 000yy
200 10 @a新兴的光电子学@Axin xing de guang dian zi xue@f(美)F·M·米姆斯第三著@F(mei)F·M·mi mu si di san zhu@g柯学译
210    @a北京@c科学普及出版社@d1982
215    @a182页@d19cm
304    @a著者原译:密姆斯第三
510 1  @aOptoelectronics@zeng
606    @a光电子学@x普及读物
690    @aTN201@v3 
701  0 @a米姆斯第三@Ami mu si di san@4著
702  0 @a柯学@Ake xue@4译
801  2 @aCN@bNLC@c20060814
801  0 @aCN@bTSSF@c20060728
905    @a10447@dTN201@e12
    
    新兴的光电子学/(美)F·M·米姆斯第三著/柯学译.-北京:科学普及出版社,1982
    182页;19cm
    
    
    ISBN :CNY0.58
    
●
相关链接 在E读中查询图书 在五车中查询图书 在当当中查询图书 在豆瓣中查询图书


正题名:新兴的光电子学     索取号:TN201/12         预约/预借

序号 登录号 条形码 馆藏地/架位号 状态 备注
1 0432501   204325015   密集书库/ [索取号:TN201/12] 在馆    
2 0433917   204339171   密集书库/ [索取号:TN201/12] 在馆    
3 0439080   204390809   密集书库/ [索取号:TN201/12] 在馆    
4 0458032   204580328   密集书库/ [索取号:TN201/12] 在馆    
5 0458161   204581611   密集书库/ [索取号:TN201/12] 在馆    
唐山师范学院图书馆 欢迎您!
大连网信软件有限公司© 版权所有